| 000 | 00662 a2200181 4500 | ||
|---|---|---|---|
| 003 | Nust | ||
| 005 | 20170207153214.0 | ||
| 040 | _cNust | ||
| 082 | _a005.1 | ||
| 100 | _aHussain, Muhammad Raashid (MSCS-13) | ||
| 245 |
_aFat cuve model for representation of Urdu / Arabic fonts _cMuhammad Raashid Hussain |
||
| 260 |
_bMCS,NUST _c2009 _aRawalpindi |
||
| 300 | _ax, 4,7 p.; | ||
| 505 | _aIntroduction (page-1) Concepts of font designing (page-4) Literature review existing work (page-11) Proposed fat curve model (page-21) Application future work and concluding remarks (page-44) | ||
| 538 | _aAlmirah No 69 Shelf No 4 | ||
| 650 | _aPG Thesis | ||
| 651 | _aMSCS-13 | ||
| 942 | _cTHS | ||
| 999 |
_c181504 _d181504 |
||